Acteurs de la série Fiasco par images - Statistiques

Statistiques générales
  • Ce quiz a été pris 115 fois
  • Le résultat moyen est 5 sur 9
Statistiques - réponses
Par images Hint Réponse % Correct
Raphaël Valande Pierre Niney
99%
Tom / Bartabé François Civil
89%
Magali Verès Géraldine Nakache
88%
Robin Jacomet Vincent Cassel
74%
Karim Djimo
55%
le Réalisateur Igor Gotesman
48%
Jean-Marc Torrosian Pascal Demolon
18%
Ingrid Flamenbaum Leslie Medina
17%
Ludivine Louise Coldefy
15%
Aucun quiz correspondant
Distribution des résultats
% des personnes avec chaque résultat
Percentile par nombre de réponses
Votre historique - résultats
Vous n’avez pas pris ce quiz